000 00335pab a2200133 454500
008 180718b xxu||||| |||| 00| 0 eng d
100 _aBabanari, Gholam Ali Nauri
245 _aNew Developments in international law
650 _a Law
650 _a Colonialism
650 _aInternational Law
773 _aIndia Quarterly
909 _a1653
999 _c1653
_d1653